| 000 | 00809nam a2200301Ia 4500 | ||
|---|---|---|---|
| 001 | Z_3779 | ||
| 003 | CHAP | ||
| 008 | 220113s1977 xx 000 0 und d | ||
| 010 | _a163608 | ||
| 040 | _cCHAP | ||
| 090 | _aFolleto 499 | ||
| 100 |
_aArbiza Aguirre, Santos Ignacio _96556 |
||
| 245 |
_aEstado actual de la producción animal en México / _cpor Santos Ignacio Arbiza Aguirre |
||
| 260 |
_aCuautitlán Izcalli, Méx. : _bEl autor, _c1977 |
||
| 300 | _a33 h. apénd y bibliografía | ||
| 440 | _a | ||
| 500 | _a | ||
| 503 | _a | ||
| 650 |
_aGanadería _xMéxico _9137519 |
||
| 650 |
_aGanado _xProducción _xMéxico _9137774 |
||
| 650 |
_aMéxico _xGanadería I. t. _9137775 |
||
| 901 | _aFolleto 499 | ||
| 902 | _aA | ||
| 910 | _a1977 | ||
| 942 | _cc14 | ||
| 942 | _cc14 | ||
| 999 |
_c163608 _d163608 |
||